000 00455nam a22001937a 4500
003 MPLRDC
005 20220104144119.0
008 210129b ||||| |||| 00| 0 eng d
020 _a957-13-0302-x
082 _a997.9 ZZC
100 _a曾正忠涂鸦
245 _a脑筋急转弯10
_c
250 _a初版
260 _a
_b时报
_c1992
300 _b
490 _a时报漫画丛书. 107
650 _a智力游戏
942 _cBK
_o997.9 ZZC
999 _c46493
_d46483